000 00499nam a2200193Ia 4500
001 14667
003 GE_BSU
008 181216s||||||||xx |||||||||||||| ||und||
040 _cGE_BSU
080 _a821.353.1-31
100 _aქიაჩელი,ლეო
245 _aგვადი ბიგვა
260 _aთბილისი
260 _bსახელგამი
260 _c1942
300 _a214გვ.22სმ.
653 _aგვადი ბიგვა
942 _cBK
999 _c47793
_d47793